书目信息 |
| 题名: |
中国劳动力成本上升对产业结构升级影响研究
|
|
| 作者: | 王晶 著 | |
| 分册: | ||
| 出版信息: | 沈阳 辽宁大学出版社 2021.01 |
|
| 页数: | 152页 | |
| 开本: | 26cm | |
| 丛书名: | ||
| 单 册: | ||
| 中图分类: | F269.24 | |
| 科图分类: | ||
| 主题词: | 劳动力--lao dong li--成本--影响--产业结构升级--研究--中国 | |
| 电子资源: | ||
| ISBN: | 978-7-5610-9705-2 | |
| 000 | 01112nam0 2200241 450 | |
| 001 | CAL 0120217138791 | |
| 005 | 20210425164646.9 | |
| 010 | @a978-7-5610-9705-2@dCNY38.00 | |
| 100 | @a20210421d2021 em y0chiy0120 ea | |
| 101 | 0 | @achi |
| 102 | @aCN@b210000 | |
| 105 | @aak a 000yy | |
| 106 | @ar | |
| 200 | 1 | @a中国劳动力成本上升对产业结构升级影响研究@Azhong guo lao dong li cheng ben shang sheng dui chan ye jie gou sheng ji ying xiang yan jiu@f王晶著 |
| 210 | @a沈阳@c辽宁大学出版社@d2021.01 | |
| 215 | @a152页@c图@d26cm | |
| 320 | @a有书目 (第127-152页) | |
| 330 | @a本书深入研究了劳动力成本上升对产业结构升级的影响机理 ; 运用计量经济学的方法对我国劳动力成本上升对产业结构升级的影响进行实证检验 ; 分析了劳动力成本上升条件下我国产业结构升级滞后的原因 ; 对美、日、韩三个国家劳动力成本上升条件下实现产业结构升级的情况进行了比较分析 ; 在上述研究的基础上, 提出了促进我国产业结构升级的对策建议。 | |
| 606 | 0 | @a劳动力@Alao dong li@x成本@x影响@x产业结构升级@x研究@y中国 |
| 690 | @aF269.24@v5 | |
| 701 | 0 | @a王晶@Awang jing@4著 |
| 801 | 0 | @aCN@b人天书店@c20210421 |
| 905 | @aTSG@bF269.24@dF269.24@eW232@f2 | |
| 中国劳动力成本上升对产业结构升级影响研究/王晶著.-沈阳:辽宁大学出版社,2021.01 |
| 152页:图;26cm |
| ISBN 978-7-5610-9705-2:CNY38.00 |
| 本书深入研究了劳动力成本上升对产业结构升级的影响机理 ; 运用计量经济学的方法对我国劳动力成本上升对产业结构升级的影响进行实证检验 ; 分析了劳动力成本上升条件下我国产业结构升级滞后的原因 ; 对美、日、韩三个国家劳动力成本上升条件下实现产业结构升级的情况进行了比较分析 ; 在上述研究的基础上, 提出了促进我国产业结构升级的对策建议。 |
| ● |
| 相关链接 |
|
|
|
正题名:中国劳动力成本上升对产业结构升级影响研究
索取号:F269.24/W232
 
预约/预借
| 序号 | 登录号 | 条形码 | 馆藏地/架位号 | 状态 | 备注 |
| 1 | 1550154 | 215501543 | 社科库409/409社科库 81排4列1层/ [索取号:F269.24/W232] | 在馆 | |
| 2 | 1550155 | 215501552 | 社科库409/409社科库 81排4列1层/ [索取号:F269.24/W232] | 在馆 |